Aspect Oriented Knowledge-Driven Evolution of Software Product Lines With Hierarchically-Expressed Variability Information Preserved in Code
Uložené v:
| Hlavný autor: | |
|---|---|
| Ďalší autori: | |
| Médium: | Rukopis Kniha |
| Jazyk: | Slovak English |
| Vydavateľské údaje: |
2025
|
| Predmet: | |
| On-line prístup: | http://is.stuba.sk/zp/portal_zp.pl?podrobnosti=179281 |
| Tagy: |
Žiadne tagy, Buďte prvý, kto otaguje tento záznam!
|
MARC
| LEADER | 00000ntm a22000003a 4500 | ||
|---|---|---|---|
| 001 | stuzp91751 | ||
| 003 | SK-STU | ||
| 005 | 20250830210507.9 | ||
| 007 | ta | ||
| 008 | 150427s2015----xo-----f-mn---000-0-slo-d | ||
| 040 | |a STU |b slo | ||
| 041 | 0 | |a eng | |
| 100 | 1 | |a Perdek, Jakub |u 070200 |k Z3 |4 aut |U FIIT Fakulta informatiky a informačných technológií |T FIIT Ústav informatiky, informačných systémov a softvérového inžinierstva |X 92123 |U I200 |Y 179 |7 92123 | |
| 242 | 0 | 1 | |a Aspektovo orientované znalosťami riadené rady softvérových výrobkov s hierarchicky vyjadrenou informáciou o variabilite v kóde |y slo |
| 245 | 1 | 0 | |a Aspect Oriented Knowledge-Driven Evolution of Software Product Lines With Hierarchically-Expressed Variability Information Preserved in Code |
| 260 | |c 2025 | ||
| 650 | 4 | |a zložitosť konštrukcií pre správu variability v kóde |2 slo | |
| 650 | 4 | |a aplikácie založené na plátne |2 slo | |
| 650 | 4 | |a evolúcia fraktálov |2 slo | |
| 650 | 4 | |a udržiavanie modelov vlastností v kóde |2 slo | |
| 650 | 4 | |a mapovanie zdrojového kódu na výrobky prostredníctvom rôznorodých artefaktov |2 slo | |
| 650 | 4 | |a štruktúrne a sémantické pohľady |2 slo | |
| 650 | 4 | |a správa variability v kóde |2 slo | |
| 650 | 4 | |a rady softvérových výrobkov |2 slo | |
| 650 | 4 | |a rýchle párovanie a zhlukovanie grafov |2 slo | |
| 650 | 4 | |a plne automatizovaná a minimalistická evolúcia radov softvérových výrobkov |2 slo | |
| 650 | 4 | |a odvodzovanie doménových znalostí |2 slo | |
| 650 | 4 | |a software product lines |2 eng | |
| 650 | 4 | |a deriving domain knowledge |2 eng | |
| 650 | 4 | |a structural and semantic views |2 eng | |
| 650 | 4 | |a mapping of source code to products through diverse artifacts |2 eng | |
| 650 | 4 | |a preserving feature models in code |2 eng | |
| 650 | 4 | |a evolving fractals |2 eng | |
| 650 | 4 | |a complexity of in-code variability |2 eng | |
| 650 | 4 | |a canvas-based applications |2 eng | |
| 650 | 4 | |a fully automated and minimalistic software product line evolution |2 eng | |
| 650 | 4 | |a metric based evaluation of in-code complexity |2 eng | |
| 650 | 4 | |a managing in-code variability |2 eng | |
| 700 | 1 | |a Lang, Ján |u 070200 |k Z1 |4 ths |U FIIT Fakulta informatiky a informačných technológií |T FIIT Ústav informatiky, informačných systémov a softvérového inžinierstva |X 60247 |U I200 |Y 179 |7 60247 | |
| 856 | 4 | |u http://is.stuba.sk/zp/portal_zp.pl?podrobnosti=179281 | |